Environmental conflict

Environmental Conflict Management introduces students to the research and practice of environmental conflict and provides a step-by-step process for engaging stakeholders and other interested parties in the management of environmental disputes

Сохранить в:
Библиографические подробности
Главный автор: Clarke, Tracylee.
Формат:
Язык:Undetermined
Опубликовано: LosAngeles SAGE Publications, Inc 2016
Предметы:
Метки: Добавить метку
Нет меток, Требуется 1-ая метка записи!
Thư viện lưu trữ: Trung tâm Học liệu Trường Đại học Cần Thơ
LEADER 00877nam a2200205Ia 4500
001 CTU_207227
008 210402s9999 xx 000 0 und d
020 |c 1159000 
082 |a 363.7 
082 |b C597 
100 |a Clarke, Tracylee. 
245 0 |a Environmental conflict 
245 0 |c Tracylee Clarke, arla Rai Peterson 
260 |a LosAngeles 
260 |b SAGE Publications, Inc 
260 |c 2016 
520 |a Environmental Conflict Management introduces students to the research and practice of environmental conflict and provides a step-by-step process for engaging stakeholders and other interested parties in the management of environmental disputes 
650 |a Quản lý môi trường,Chính sách môi trường,Environmental management,Environmental policy. 
904 |i Tuyến 
980 |a Trung tâm Học liệu Trường Đại học Cần Thơ